Normal view
MARC view
Entry Personal Name
001 - CONTROL NUMBER
- control field: 158045
003 - CONTROL NUMBER IDENTIFIER
- control field: OSt
005 - DATE AND TIME OF LATEST TRANSACTION
- control field: 20220923211103.0
008 - FIXED-LENGTH DATA ELEMENTS
- fixed length control field: 220923|| aca||aabn | a|a d
040 ## - CATALOGING SOURCE
- Original cataloging agency: OSt
- Transcribing agency: OSt
100 ## - HEADING--PERSONAL NAME
- Personal name: पणिक्कर, के. एन.; आदित्यनारायण सिंह, अनु
670 ## - SOURCE DATA FOUND
- Source citation: Work cat.: (OSt)295047: पणिक्कर, के. एन.; आदित्यनारायण सिंह, अनु., औपनिवेशिक भारत में सांस्कृतिक और विचारधारात्मक संघर्ष, 2003
